El árbol dadivoso. (Record no. 4306)

MARC details
000 -CABECERA
campo de control de longitud fija 00854ngm a2200193 a 4500
005 - FECHA Y HORA DE LA ÚLTIMA TRANSACCIÓN
campo de control 20240823063759.0
008 - ELEMENTOS DE LONGITUD FIJA--INFORMACIÓN GENERAL
campo de control de longitud fija 991125s1970 mx 010 aaspa u
035 ## - NÚMERO DE CONTROL DEL SISTEMA
Número de control de sistema UPN01000004306
049 ## - COLECCIÓN
Colección AV
050 #4 - SIGNATURA TOPOGRÁFICA DE LA BIBLIOTECA DEL CONGRESO
Número de clasificación PVI H 0023
245 03 - MENCIÓN DE TÍTULO
Título El árbol dadivoso.
260 ## - PUBLICACIÓN, DISTRIBUCIÓN, ETC.
Lugar de publicación, distribución, etc. México :
Nombre del editor, distribuidor, etc. Películas Mel,
Fecha de publicación, distribución, etc. [197?].
300 ## - DESCRIPCIÓN FÍSICA
Extensión 1 videocasete (VHS) (10 min.) :
Otras características físicas son., col.
520 ## - NOTA DE RESUMEN, ETC.
Sumario, etc. "Había una vez un árbol que amaba a un niño". Así comienza esta tierna historia con matices de tristeza. Una parábola animada para todas las edades que ofrece una interpretación efectiva del mejor de los regalos y una serena aceptación de la capacidad de dar amor
500 ## - NOTA GENERAL
Nota general Número que le corresponde en el catálogo de películas Mel: 274
650 #4 - ASIENTO SECUNDARIO DE MATERIA - TERMINO TEMATICO
Término de materia o nombre geográfico como elemento de entrada Conducta (Psicología)
9 (RLIN) 4460
650 #7 - ASIENTO SECUNDARIO DE MATERIA - TERMINO TEMATICO
Término de materia o nombre geográfico como elemento de entrada Motivación (Psicología)
Fuente del encabezamiento o término
9 (RLIN) 5909
905 ## - TIPO DE MATERIAL
Tipo de material Audiovisuales
Holdings
Estado de retiro Estado de pérdida Fuente del sistema de clasificación o colocación Estado dañado No para préstamo Código de colección Localización permanente Ubicación/localización actual Ubicación en estantería Total de préstamos Clasificación Código de barras Fecha visto por última vez Número de copia Tipo de ítem Koha
    Library of Congress Classification     Audiovisuales Bib. Gregorio Torres Quintero Bib. Gregorio Torres Quintero Audiovisual   PVI H 0023 0023PVI 31/12/2020 1 Videocasete